Ceramah Kesihatan PUSPANITA : Menopause (Part 2)

Bibliographic Details
Corporate Author: Jabatan Penilaian dan Perkhidmatan Harta
Format: Book
Published: Putrajaya : Kementerian Kewangan , 2005

MARC

LEADER 00000cam a2200000 7i4500
001 0000021767
005 20080623.0
040 |a INS 
090 0 0 |a VCD 1352 
245 0 0 |a Ceramah Kesihatan PUSPANITA :   |b Menopause (Part 2)   |c penceramah oleh Dr. Azah Abd Samad :   |b 1hb Julai 2005 [  |h cakera video] 
260 |a Putrajaya :   |b Kementerian Kewangan ,   |c 2005 
300 |a 1 cakera video (28 min.) :   |b bny., wrn. ;   |c 4 3/4 in. 
710 1 |a Jabatan Penilaian dan Perkhidmatan Harta 
999 |a VCD0001352   |b VIDEO CD   |c Media Collection   |e Default branch